| 000 | 00627nam a2200241 a 4500 | ||
|---|---|---|---|
| 001 | nice12345678 | ||
| 003 | IN_TiNIC | ||
| 005 | 20260116013155.0 | ||
| 008 | 050524s1989 newa grp 000 0 eng | ||
| 020 |
_a0883446 _c882 |
||
| 082 | 0 | 0 |
_a230.046 _bMCG |
| 100 | _aMc Govern, Arthur F | ||
| 245 |
_aLiberation Theology and Its Critics _b Toward an Assessment |
||
| 260 |
_aNew York _bOrbis Books _c1989 |
||
| 300 | _a281p | ||
| 500 | _aincludes index and biblioraphy | ||
| 505 | 2 | _aIndex | |
| 650 | _aLiberation-Theology | ||
| 700 | 1 | _aMc Govern, Arthur F | |
| 902 | _bSRS | ||
| 942 | _cBK | ||
| 999 |
_c9974 _d9974 |
||